[Event "18th Aeroflot Open-A 2020"]
[Site "Moscow"]
[Date "2020.02.19"]
[Round "1.11"]
[White "Mamedov, Rauf"]
[Black "Kozak, Adam"]
[Result "1-0"]
[WhiteElo "2643"]
[BlackElo "2523"]
[Annotator "TA"]
[PlyCount "120"]
[EventDate "2020.02.19"]
[EventType "swiss"]
[EventCountry "RUS"]
[SourceTitle "playchess.com"]
[Source "ChessBase"]
[SourceQuality "1"]

{[%evp 9,120,18,23,0,0,0,5,-2,-3,0,0,7,-2,7,15,25,18,17,17,18,28,23,31,23,31,17,35,28,34,18,24,14,43,43,50,52,49,43,53,48,46,18,20,13,18,7,19,22,50,29,29,34,32,28,31,26,29,19,35,24,26,19,50,50,99,99,95,99,91,87,85,94,72,48,68,68,70,70,126,134,178,175,260,242,226,229,252,250,258,266,245,255,662,654,745,741,747,740,727,724,712,584,583,567,871,817,885,905,906,839,1278,1285,1135]} 1. e4 e5 2. Nf3 Nc6 3. Bb5 Nf6 4. O-O Nxe4 5. Re1 Nd6 6. a4 {C67: Ruy Lopez: Berlin Defence: 4 0-0 Nxe4.} Be7 7. Nc3 a6 8. Bf1 {[#]The position is equal.} e4 $1 {[%mdl 512]} 9. Nxe4 Nxe4 10. Rxe4 d5 11. Re1 O-O 12. d4 Bg4 13. c3 {[#]} Bd6 $146 ({Predecessor:} 13... Qd7 14. h3 Bh5 15. Ne5 Nxe5 16. Qxh5 Ng6 17. Bd3 Rfe8 18. Bd2 Bd6 19. g3 c6 {½-½ (72) Lin,C (2526)-Fang,Y (2502) China 2016}) 14. h3 Bf5 15. a5 Rb8 16. b4 Re8 17. Be3 Ne7 18. Ne5 Ng6 19. Qh5 Nxe5 20. Qxf5 Qd7 (20... g6 $5 {[%cal Rg6f5]} 21. Qc2 Nd7 $14) 21. Qxd7 Nxd7 22. b5 axb5 23. Bxb5 c6 24. Bd3 Ra8 25. a6 bxa6 26. Bxa6 Reb8 27. Bd3 Rxa1 28. Rxa1 h6 29. Ra7 Nb6 $1 30. Ra6 Kf8 31. g4 Ke8 32. h4 Bc7 33. Ra7 Bd6 34. Bf5 Kf8 35. Ra6 Ke8 36. h5 Kd8 37. Ra7 Ke8 38. Kg2 Kf8 39. Ra6 Rb7 40. Kf3 f6 41. Ra2 Ke7 42. Rb2 Kd8 43. Bf4 Bxf4 (43... Bc7 $14) 44. Kxf4 $14 {[%mdl 4096] Endgame KRB-KRN} Rb8 45. Rb1 Ke7 (45... Kc7 $142 46. Bd3 Re8) 46. Re1+ $1 $18 Kf8 {[#]} 47. Ra1 $1 Rb7 48. Rb1 Rb8 49. Be6 Ke7 {[#]} 50. Kf5 $1 Kd6 $2 (50... Nd7 51. Re1 Nf8) 51. Bf7 {White is clearly winning.} Ke7 52. Kg6 Kf8 53. Be6 Ke7 54. Bf5 Kf8 55. Rb2 Kg8 56. Be6+ Kf8 57. f4 Ke7 58. f5 Kf8 59. Rb1 Rb7 {[#]} 60. Bd7 $1 {[%mdl 512]} Rxd7 {Accuracy: White = 96%, Black = 69%.} (60... Nxd7 61. Rxb7) 1-0

[Event "18th Aeroflot Open-A 2020"]
[Site "Moscow"]
[Date "2020.02.19"]
[Round "1.12"]
[White "Sadhwani, Raunak"]
[Black "Sethuraman, S.P."]
[Result "0-1"]
[WhiteElo "2522"]
[BlackElo "2641"]
[Annotator "TA"]
[PlyCount "86"]
[EventDate "2020.02.19"]
[EventType "swiss"]
[EventCountry "RUS"]
[SourceTitle "playchess.com"]
[Source "ChessBase"]
[SourceQuality "1"]

{[%evp 9,86,14,25,7,16,9,5,4,9,0,14,10,15,6,25,0,0,0,32,22,29,18,27,43,42,31,33,29,22,39,31,34,68,64,117,82,93,102,129,83,114,100,103,56,50,31,130,88,218,135,143,141,245,141,166,140,391,131,106,34,45,0,0,0,0,0,0,0,0,0,-15,-462,-462,-462,-459,-29937,-6279,-5828,-5385]} 1. Nf3 c5 2. c4 Nf6 3. Nc3 d5 4. cxd5 Nxd5 5. e3 e6 6. Bc4 {A17: English Opening: 1...Nf6 with ...Bb4.} Nc6 7. O-O Be7 8. Qe2 {The position is equal.} O-O 9. Rd1 {[#]} Nxc3 $5 $146 {[%mdl 8] An interesting novelty.} ({Predecessor:} 9... b6 10. d4 Nxc3 11. bxc3 Qc7 12. e4 Rd8 13. Be3 Na5 14. Bd3 Bb7 15. h4 b5 16. Bxb5 Bxe4 17. dxc5 Bxf3 18. Qxf3 Bxc5 {1-0 (63) Grischuk,A (2764)-Vachier Lagrave,M (2777) Hamburg 2019}) 10. dxc3 Qc7 11. e4 Bd6 12. Rd3 a6 {next ...b5 is good for Black.} 13. a4 f6 14. Be3 Na5 15. Rd2 b5 16. Ba2 c4 17. Rad1 Be7 18. e5 f5 $1 19. Bg5 Bxg5 20. Nxg5 h6 21. Nh3 bxa4 (21... Nb7 $14) 22. Nf4 $16 Rb8 23. h4 {[%mdl 1024] White has strong compensation.} Re8 24. h5 Rb5 25. Rd6 Nb3 26. Bb1 Na5 $1 27. Ng6 Nb7 ({Black should play} 27... Bb7 $1 $14) 28. R6d2 Na5 (28... Kh7 $16) 29. Kh2 Nb3 30. Rd6 Nc5 (30... Na5 $16) 31. Ba2 (31. Qxc4 $18 Rxb2 32. Bxf5) 31... Ne4 32. R6d4 $1 (32. Bxc4 Rxe5 33. Nxe5 Nxd6 $11) 32... Qb6 $2 {[%mdl 8192]} (32... Nc5 $16 33. Bxc4 Rb8) 33. Qxc4 $2 (33. Bxc4 $18 {and the rest is easy. Threatens to win with Qd3.} Rc5 34. Qd3) 33... Nxf2 {[#]} 34. Ne7+ (34. R1d2 $1 $16 {[%cal Rd2f2]} Ne4 {[#]} 35. Ne7+ $1 {[%mdl 512]} Kf8 36. Nxc8 Nxd2 37. Rxd2 (37. Nxb6 Nxc4 38. Nxc4 Rd5 $16)) 34... Kh7 $1 $14 ({Don't go for} 34... Rxe7 $2 35. Qxc8+ Kf7 36. R1d2 $18) 35. Nxc8 Qb8 $36 {[%mdl 2112] Double Attack. Black fights for an advantage.} 36. Nd6 $1 {And now R1d2 would win.} ({Avoid the trap} 36. Re1 $2 Rxe5 37. Rxe5 Qxe5+ 38. Kg1 Qe3 $19) 36... Nxd1 37. Rxd1 Rxe5 {[%cal Bb5e5,Be5e4,Be4h4][%mdl 32] Strongly threatening ...Rd8.} 38. Qf4 ({But not} 38. Qxa4 Rd8 $15) 38... Re4 $1 {[%cal Re4f4][%mdl 64] Pin} 39. Qf2 {Hoping for Kg1.} Rd8 40. Bxe6 $2 {[%mdl 8192]} (40. Qc5 $1 $11) 40... Rxd6 $19 41. Bxf5+ Kg8 42. Qg3 {[#]} (42. Kh3 $19 Rxd1 43. Bxe4) 42... Rh4+ $1 {[%mdl 576] Double Attack} 43. Bh3 {[#]} (43. Qxh4 Rxd1+) 43... Rxh3+ $1 {[%mdl 576] Remove Defender. Accuracy: White = 55%, Black = 69%.} 0-1

[Event "18th Aeroflot Open-A 2020"]
[Site "Moscow"]
[Date "2020.02.19"]
[Round "1.13"]
[White "Riazantsev, Alexander"]
[Black "Iljiushenok, Ilia"]
[Result "1/2-1/2"]
[WhiteElo "2639"]
[BlackElo "2519"]
[Annotator "TA"]
[PlyCount "119"]
[EventDate "2020.02.19"]
[EventType "swiss"]
[EventCountry "RUS"]
[SourceTitle "playchess.com"]
[Source "ChessBase"]
[SourceQuality "1"]

{[%evp 13,119,42,52,68,68,64,71,66,62,57,46,56,37,29,40,16,11,0,0,-56,-50,-43,0,0,33,35,29,33,128,117,137,128,132,-6,325,322,376,31,32,8,8,8,8,8,8,8,8,6,8,8,22,8,8,8,40,8,8,8,8,8,6,7,32,32,32,30,30,30,30,22,22,20,22,22,22,22,24,24,24,24,24,24,24,24,24,24,24,24,24,24,24,22,22,22,22,22,22,22,22,22,22,22,22,0,22,22,22,22]} 1. d4 Nf6 2. c4 g6 3. Nc3 Bg7 4. e4 d6 5. Be2 O-O 6. Be3 e5 7. d5 Na6 8. g4 {E73: King's Indian: Averbakh Variation without 6...c5.} Nc5 9. f3 h5 10. g5 {White is better.} Nh7 11. h4 f6 12. Qd2 fxg5 13. hxg5 Rf4 $1 14. b4 Na6 {[#]} 15. a3 $146 ({Predecessor:} 15. Rb1 Nxg5 16. c5 Nb8 17. c6 a6 18. a4 Nf7 19. Bxf4 exf4 20. b5 axb5 21. axb5 {0-1 (59) Sakaev,K (2596)-Shimanov,A (2587) Khanty-Mansiysk 2019}) 15... Nxg5 16. c5 ({Better is} 16. Rc1 $11) 16... dxc5 $15 17. bxc5 Qf8 18. d6 $36 {[%mdl 2048] White has the initiative.} cxd6 19. cxd6 {d7 is the strong threat.} Be6 20. Nd5 {[%mdl 64] aiming for Rb1. Pin} Rd8 ({Black should play} 20... Nxf3+ $14 21. Nxf3 Rxf3) 21. Rd1 $1 $16 ({Much less strong is} 21. Bxf4 exf4 22. Rd1 Rxd6 $14) 21... Nxf3+ 22. Nxf3 Rxf3 23. Rg1 (23. Bg5 $1 $16 {[%cal Rg5d8]} Rd7 24. Ne7+ {[%mdl 64] Double Attack} Kh7 25. Nxg6 Kxg6 26. Be7) 23... Bg4 $2 {[%mdl 8192] [#]} (23... Kh7 $11 {and Black is okay.}) 24. Bg5 $1 $18 {[%cal Rg5d8]} Rd7 {[#]} ({Much worse is} 24... Rxd6 25. Be7) 25. Ne7+ $2 (25. Be7 $1 $18 {[%cal Re7f8]} Qf7 26. Ne3) 25... Kh7 $14 26. Rxg4 hxg4 27. Bxf3 Qxf3 {[%mdl 64] Double Attack} 28. Qh2+ Qh3 29. Qxh3+ gxh3 30. Rd3 Bh8 $1 31. Rxh3+ Kg7 32. Nd5 Rxd6 33. Be7 Re6 (33... Rc6 {keeps more tension.} 34. Bf6+ Rxf6 35. Nxf6 Kxf6 36. Rxh8 Nc5) 34. Bf6+ (34. Rb3 {looks sharper.} b6 35. Rf3 g5 36. Bf8+ Kg6 37. Ne7+) 34... Rxf6 35. Nxf6 Kxf6 36. Rxh8 $11 {[%mdl 4096] Endgame White wants to play Ra8. KR-KN} Nc5 37. Rh7 a5 38. Rc7 Nxe4 39. Rxb7 {Black must now prevent Rb5.} Nd6 $1 {[%cal Rd6b7]} 40. Rb6 Ke7 $1 41. a4 Kd7 42. Ra6 Nb7 43. Ke2 g5 44. Ke3 g4 45. Kf2 Nc5 46. Rxa5 Kc6 47. Kg3 Ne4+ 48. Kxg4 Nc3 49. Kf5 Kb6 50. Ra8 Kb7 51. Rg8 Nxa4 52. Kxe5 Kc6 {The position is equal.} 53. Rc8+ Kb5 54. Kd4 Nb6 55. Rc1 Nd7 56. Rc2 Nb6 57. Rc7 Na4 58. Rc2 Nb6 59. Rc5+ Kb4 60. Rc6 {Accuracy: White = 85%, Black = 79%.} 1/2-1/2

[Event "18th Aeroflot Open-A 2020"]
[Site "Moscow"]
[Date "2020.02.19"]
[Round "1.14"]
[White "Stupak, Kirill"]
[Black "Narayanan.S.L"]
[Result "1/2-1/2"]
[WhiteElo "2518"]
[BlackElo "2637"]
[Annotator "TA"]
[PlyCount "43"]
[EventDate "2020.02.19"]
[EventType "swiss"]
[EventCountry "RUS"]
[SourceTitle "playchess.com"]
[Source "ChessBase"]
[SourceQuality "1"]

{[%evp 10,43,31,12,22,0,7,0,0,-33,-18,-17,0,0,6,-14,-14,-18,-6,-20,11,14,15,16,22,14,20,35,12,0,0,0,19,0,0,0]} 1. d4 Nf6 2. Nf3 g6 3. g3 Bg7 4. Bg2 d5 5. O-O c6 6. c4 dxc4 {D73: Fianchetto Grünfeld: 5 Nf3 .} 7. a4 Ne4 8. Qc2 Nd6 $1 9. Ne5 {[#]} O-O $146 ({Predecessor:} 9... Be6 10. Na3 Na6 11. Bd2 f6 12. Nexc4 Nxc4 13. Nxc4 Qxd4 14. Na5 Qc5 15. Rfc1 Qxc2 16. Rxc2 {1-0 (31) Karl,H (2298)-Valencak,S Baden 2000}) 10. Rd1 a5 11. Na3 Na6 12. Bd2 Be6 13. e3 c5 14. Nexc4 Nxc4 15. Nxc4 cxd4 16. Bxa5 (16. Bxb7 $2 d3 $19) 16... Qc8 17. Rac1 dxe3 $1 18. fxe3 ({But not} 18. Nxe3 Qxc2 19. Rxc2 Bb3 $17) 18... Qc5 19. Bb6 {The position is equal.} Qb4 20. Ba5 Qc5 {...Bxc4 is the strong threat.} 21. Bb6 Qb4 {[#] And now ...Bxc4 would win.} 22. Ba5 {Accuracy: White = 93%, Black = 93%.} 1/2-1/2

[Event "18th Aeroflot Open-A 2020"]
[Site "Moscow"]
[Date "2020.02.19"]
[Round "1.15"]
[White "Aravindh, Chithambaram VR."]
[Black "Visakh N R"]
[Result "0-1"]
[WhiteElo "2630"]
[BlackElo "2518"]
[Annotator "TA"]
[PlyCount "115"]
[EventDate "2020.02.19"]
[EventType "swiss"]
[EventCountry "RUS"]
[SourceTitle "playchess.com"]
[Source "ChessBase"]
[SourceQuality "1"]

{[%evp 33,115,0,0,6,20,16,9,0,0,0,15,-78,-87,-165,-170,-154,-158,-110,-54,-77,-13,-17,-18,-12,-15,-10,-8,-6,9,-176,-178,-172,-68,-72,-72,-72,-63,-65,-65,-156,-162,-163,-165,-165,-165,-153,-141,-125,-125,-125,-121,-125,-125,-230,-218,-290,-290,-290,-289,-261,-261,-290,-228,-29971,-29973,-29972,-29974,-29974,-29975,-29975,-29975,-29977,-29978,-29978,-29979,-29981,-29982,-29982,-29983,-29983,-29984,-29984,-29985,-29985]} 1. e4 e5 2. Nf3 Nc6 3. Bb5 a6 4. Ba4 Nf6 5. O-O Be7 6. Re1 b5 7. Bb3 d6 8. c3 O-O 9. h3 Bb7 10. d4 Re8 11. Nbd2 Bf8 12. a4 h6 13. Bc2 exd4 14. cxd4 Nb4 15. Bb1 c5 16. d5 Nd7 17. Ra3 c4 18. Ree3 {C92: Closed Ruy Lopez: 9...Be6, Karpov and Flohr-Zaitsev Variations.} Nc5 19. b3 c3 20. Rxc3 {The position is equal.} f5 $1 {[%cal Rf5e4]} 21. axb5 fxe4 {[#]} 22. Nd4 $146 (22. Rc4 $11 {remains equal.} Nxd5 23. bxa6 Rxa6 24. Nxe4) ({Predecessor:} 22. Rc4 exf3 23. Rxb4 fxg2 24. Nf3 Qd7 25. bxa6 Bxa6 26. Rxa6 Nxa6 27. Rg4 Nc5 28. Qc2 g5 29. Kxg2 Re7 30. Qg6+ Rg7 31. Qxh6 Ra1 32. Bg6 {1-0 (32) Gates,R (2230)-Janosi,E (2203) LSS email 2009}) 22... Qf6 $1 $17 {[%cal Rf6d4]} 23. Nxe4 (23. Ne2 $17) 23... Nxe4 $19 24. Rf3 Qe5 {And now ...Nf6 would win.} 25. bxa6 Bxd5 (25... Bxa6 $17 26. Re3 Qxd5) 26. Ra5 $15 Nc5 (26... Rxa6 $17 27. Rxa6 Nxa6) 27. Re3 $11 Qf6 28. a7 Be4 29. Bxe4 Nxe4 (29... Rxe4 $6 30. Nc2 $16) 30. f3 $1 {[%cal Rf3e4]} Re5 31. Rxe5 $2 (31. Ra4 $11 {and White has nothing to worry.} d5 32. fxe4) 31... dxe5 $19 32. Nc2 Rd8 (32... Qb6 $1 $19 {...Nc3 is the strong threat.} 33. fxe4 (33. Nxb4 $2 Nc3 $17) 33... Rd8) 33. Qe2 Qc6 {White must now prevent ...Nf6.} 34. Rxe4 {[%mdl 64] Double Attack} Qxc2 35. Qxc2 Nxc2 36. Rxe5 (36. Rc4 $15 Nd4 37. Be3) 36... Ra8 $1 $17 37. Re2 Bc5+ {[%mdl 64] Double Attack} 38. Kf1 Nd4 39. Ra2 Rxa7 (39... Bxa7 40. Ra4 $11) 40. Rxa7 Bxa7 41. Be3 Kf7 42. g4 Ke6 43. f4 (43. h4 $17) 43... Kd5 $1 $19 44. f5 Bc5 45. f6 {[#]} g5 $1 ({Don't take} 45... gxf6 46. Bxh6 Nf3 47. Bg7 $17) 46. h4 {[#]} Ne6 $1 ({Weaker is} 46... Nxb3 47. hxg5 hxg5 48. Bxg5 $11) ({Not} 46... gxh4 47. Kg2 $15) 47. hxg5 hxg5 48. Ke2 $2 (48. Bd2 $19) 48... Bxe3 {Black mates.} 49. Kxe3 {[%mdl 4096] Endgame KN-K3P} Nd8 50. b4 Nf7 51. b5 Ne5 52. Kd2 Ke6 53. Kc3 Nxg4 54. b6 Nxf6 55. b7 Nd7 56. Kd4 Nb8 57. Ke4 Nc6 58. Kf3 {Accuracy: White = 65%, Black = 87%.} 0-1

[Event "18th Aeroflot Open-A 2020"]
[Site "Moscow"]
[Date "2020.02.19"]
[Round "1.16"]
[White "Kulaots, Kaido"]
[Black "Martirosyan, Haik M."]
[Result "1/2-1/2"]
[WhiteElo "2510"]
[BlackElo "2630"]
[Annotator "TA"]
[PlyCount "69"]
[EventDate "2020.02.19"]
[EventType "swiss"]
[EventCountry "RUS"]
[SourceTitle "playchess.com"]
[Source "ChessBase"]
[SourceQuality "1"]

{[%evp 14,69,47,36,40,33,39,30,30,21,35,38,32,33,45,25,33,34,36,5,3,0,0,-9,-2,-29,0,0,0,0,0,0,0,-3,45,54,58,9,9,0,0,0,0,0,6,0,0,0,0,0,0,0,0,0,0,0,0,0]} 1. e4 e5 2. Nf3 Nc6 3. Bb5 Nf6 4. d3 d6 5. O-O Bd7 6. Re1 Be7 7. c3 O-O 8. Nbd2 {[%cal Bb1d2,Bd2f1,Bf1e3][%mdl 32]} Re8 {C66: Ruy Lopez: Steinitz Defence.} 9. Nf1 Bf8 10. Bg5 h6 {White has an edge.} 11. Bh4 g6 12. a4 {[%cal Ba2a4,Ba4a5,Ba5a6][%mdl 32]} Bg7 13. Ne3 Qc8 14. a5 {[#]} Nd8 $146 ({Predecessor:} 14... a6 15. Bc4 Nd8 16. b4 Ne6 17. Qb3 Bb5 18. Bxf6 Bxf6 19. g3 Bxc4 20. Qxc4 Qd7 {½-½ (41) Topalov,V (2772)-Aronian,L (2815) Stavanger 2014}) 15. Bc4 Be6 16. a6 b6 17. Nd2 Qd7 18. f3 c6 19. Bb3 (19. Nc2 {feels hotter.} Bxc4 20. Nxc4 Ne6 21. N4e3 Nf4 22. d4) 19... Bxb3 20. Nxb3 d5 21. Bxf6 Bxf6 22. exd5 $1 cxd5 23. d4 exd4 24. Nxd4 Bg5 25. Qd3 Nc6 {The position is equal.} 26. Nxc6 {[#] aiming for Nb4.} Bxe3+ 27. Rxe3 Qxc6 28. Rae1 b5 29. Rxe8+ Rxe8 30. Rxe8+ Qxe8 $11 {KQ-KQ} 31. Kf2 Qc6 32. Qd4 Qxa6 33. Qxd5 Qb6+ 34. Kg3 a5 35. Qe5 {Accuracy: White = 88%, Black = 92%.} 1/2-1/2

[Event "18th Aeroflot Open-A 2020"]
[Site "Moscow"]
[Date "2020.02.19"]
[Round "1.17"]
[White "Paravyan, David"]
[Black "Lobanov, Sergei"]
[Result "1/2-1/2"]
[WhiteElo "2629"]
[BlackElo "2507"]
[Annotator "TA"]
[PlyCount "83"]
[EventDate "2020.02.19"]
[EventType "swiss"]
[EventCountry "RUS"]
[SourceTitle "playchess.com"]
[Source "ChessBase"]
[SourceQuality "1"]

{[%evp 13,83,0,27,27,30,19,25,0,0,0,0,0,14,-16,0,0,0,-19,-8,-29,-14,-22,20,20,15,6,20,9,22,0,0,0,0,0,12,6,12,0,0,0,0,0,0,0,0,0,0,0,0,0,0,0,0,0,0,0,0,0,0,0,0,0,0,0,0,0,0,0,0,0,0,0]} 1. c4 e5 2. g3 Nf6 3. Bg2 c6 4. d4 exd4 5. Qxd4 d5 6. Nf3 Be7 7. cxd5 cxd5 8. O-O {A20: English Opening: 1...e5.} Nc6 9. Qd1 O-O 10. Be3 {White has an edge. is the legacy move (10.Nbd2).} Bg4 11. Nd4 Qd7 12. Nc3 Rfe8 {[#]} 13. Qd3 $146 ({Predecessor:} 13. Nb3 Rad8 14. Bd4 Bh3 15. e3 Bxg2 16. Kxg2 Ne4 17. Rc1 Bf8 18. h4 {0-1 (43) Bakri,A (2254)-Soon,W (2046) Singapore 2006}) 13... Rad8 14. Rac1 Bh3 15. Nxc6 bxc6 16. Bd4 Bxg2 17. Kxg2 {The position is equal.} c5 18. Bxf6 $1 Bxf6 19. Rfd1 {[%cal Rd3d5]} Bxc3 20. Rxc3 Qe7 21. Rd2 d4 22. Rc4 Rd5 {[#]} 23. e4 $1 {[%mdl 512]} Re5 {[#]} (23... Qxe4+ 24. Qxe4) 24. b4 $1 {[%mdl 512]} cxb4 25. Qxd4 (25. Rxd4 {keeps more tension.} g5 26. Rd7 Qe6 27. Rd6 Qe7 28. Qf3) 25... h6 {[%cal Re5e4]} 26. Rxb4 Rxe4 27. Qxe4 Qxe4+ 28. Rxe4 Rxe4 $11 {[%mdl 4096] Endgame KR-KR} 29. Rd8+ Kh7 30. Rd7 Ra4 31. Rxf7 Rxa2 32. g4 h5 33. gxh5 Ra5 34. Kg3 a6 35. Ra7 Rg5+ 36. Kh4 (36. Kf3 {seems wilder.} Rxh5 37. Rxa6 Rxh2) 36... Rf5 37. h6 Rxf2 38. Kg3 Rf6 39. hxg7 Rg6+ {[%mdl 64] Double Attack} 40. Kf4 Rxg7 41. Rxa6 Rg2 42. Kf3 {Accuracy: White = 93%, Black = 96%.} 1/2-1/2

[Event "18th Aeroflot Open-A 2020"]
[Site "Moscow"]
[Date "2020.02.19"]
[Round "1.18"]
[White "Nesterov, Arseniy"]
[Black "Shtembuliak, Evgeny"]
[Result "1-0"]
[WhiteElo "2501"]
[BlackElo "2628"]
[Annotator "TA"]
[PlyCount "109"]
[EventDate "2020.02.19"]
[EventType "swiss"]
[EventCountry "RUS"]
[SourceTitle "playchess.com"]
[Source "ChessBase"]
[SourceQuality "1"]

{[%evp 20,109,32,10,19,19,20,20,43,0,0,0,0,0,0,0,0,-13,-13,-23,-23,-16,-14,-20,0,-22,-20,-62,-16,-22,-22,-22,-21,-21,-27,-20,-12,-13,-12,-14,0,0,0,0,0,0,0,-12,0,0,0,0,270,265,181,195,379,370,425,425,425,433,310,304,554,545,508,500,452,447,679,677,646,513,5581,2734,8550,8340,29966,7512,5601,2868,29974,29975,29976,29977,29977,29977,29973,29974,29974,29973]} 1. d4 g6 2. e4 Bg7 3. Nf3 d6 4. Bc4 c6 5. Nc3 Nf6 6. Bb3 O-O 7. O-O Bg4 8. h3 Bxf3 9. Qxf3 Nbd7 10. Be3 Qc7 11. Rad1 b5 {B08: Pirc Defence: Classical System.} 12. Rfe1 a5 {[#] Hoping for ...a4.} 13. a3 b4 {The position is equal.} 14. axb4 axb4 15. Nb1 {[%cal Bc3b1,Bb1d2,Bd2c4][%mdl 32] [#]} c5 $146 {And now ...c4 would win.} ({Predecessor:} 15... e6 16. Nd2 c5 17. dxc5 Nxc5 18. Bxc5 Qxc5 19. Nc4 d5 20. exd5 Nxd5 21. Ne5 Rad8 {1-0 (29) Salai,L (2424)-Karlik,V (2285) Tatranske Zruby 2000}) 16. Nd2 cxd4 17. Bxd4 Ne5 $36 {[%mdl 2048] White is under pressure.} 18. Bxe5 (18. Qe3 {keeps more tension.} Nc6 19. Nf3 Nxd4 20. Rxd4 Nd7 21. Rxb4 Rab8 22. c3) 18... dxe5 19. Nc4 Rad8 20. Qe3 e6 21. Rd2 h5 22. Red1 Rxd2 23. Qxd2 Rb8 24. Qd6 Qxd6 25. Nxd6 Bf8 {[#] Threatens to win with ...Rd8.} 26. Nc4 $1 Nxe4 27. Nxe5 Rb5 28. Nd3 h4 29. Ba4 Rd5 30. Bc6 Rd4 31. Bxe4 Rxe4 $11 {[%mdl 4096] Endgame KRB-KRN} 32. Kf1 Rc4 33. Ne1 Be7 34. Rd7 Bf6 35. b3 Re4 $2 {[%mdl 8192] Black is now going downhill.} (35... Rc6 $11 {and Black has nothing to worry.}) 36. Nd3 $18 Kf8 37. f3 Re3 $2 (37... Ke8) 38. Kf2 Ke8 39. Kxe3 Kxd7 40. Nxb4 {KB-KN} Kd6 41. c4 Bc3 $2 (41... Bd8 42. Kd3 f5) 42. Nc2 Kc5 43. Kd3 Ba5 44. f4 Bc7 (44... Bd8 $142 45. b4+ Kd6) 45. b4+ Kb6 46. Ke3 e5 (46... Kb7 $142 47. Nd4 Bb6) 47. fxe5 Bxe5 48. Nd4 Bg3 49. c5+ (49. Ke4 $142 Kc7 50. Kd5 Bf2 51. Nb5+ Kb8 52. Nd6 f5 53. c5 Be3 54. b5) 49... Ka6 50. Kd3 f5 51. b5+ {White mates.} Kb7 52. Kc4 Bf2 53. Kd5 f4 54. Ne6 Be3 55. Ke4 {Accuracy: White = 97%, Black = 57%.} 1-0

[Event "18th Aeroflot Open-A 2020"]
[Site "Moscow"]
[Date "2020.02.19"]
[Round "1.19"]
[White "Deac, Bogdan-Daniel"]
[Black "Zanan, Evgeny"]
[Result "1/2-1/2"]
[WhiteElo "2626"]
[BlackElo "2500"]
[Annotator "TA"]
[PlyCount "120"]
[EventDate "2020.02.19"]
[EventType "swiss"]
[EventCountry "RUS"]
[SourceTitle "playchess.com"]
[Source "ChessBase"]
[SourceQuality "1"]

{[%evp 9,120,22,28,18,23,28,8,13,0,7,37,21,19,-7,15,10,21,11,23,26,23,12,29,-16,12,4,4,0,17,14,48,42,43,28,57,37,50,59,69,51,43,41,43,4,54,0,99,89,288,114,88,96,94,42,36,53,35,25,110,114,126,87,102,51,245,221,202,64,92,40,42,40,27,27,41,24,36,24,27,28,8,8,8,8,8,8,8,8,8,8,8,8,8,8,8,0,0,0,0,0,0,0,0,0,0,0,0,0,0,0,0,0,0]} 1. d4 Nf6 2. Nf3 g6 3. Nbd2 d5 4. e3 Bg7 5. b4 O-O 6. Bb2 {D02: 1 d4 d5 2 Nf3 sidelines, including 2...Nf6 3 g3 and 2...Nf6 3 Bf4.} a5 7. b5 a4 8. c4 c6 9. Ba3 Re8 10. Bd3 Nbd7 11. cxd5 (11. bxc6 {is more complex.} bxc6 12. O-O e5 13. dxe5 Nxe5 14. Nxe5 Rxe5 15. Rc1) 11... cxd5 12. O-O e5 13. dxe5 Nxe5 14. Nxe5 Rxe5 {[#]} 15. Rc1 $146 ({Predecessor:} 15. Nf3 Bg4 16. Bb2 Rh5 17. h3 Be6 18. a3 g5 19. Nd4 Rh6 20. Nf5 Bxf5 21. Bxf5 {1-0 (39) Kreiter,T (1962)-Recker,M (1912) Gerlingen 2011}) 15... Re8 16. Qc2 Ng4 17. Nf3 Ne5 18. Nd4 Nxd3 19. Qxd3 Be6 20. Rc5 Rc8 21. Rxc8 Qxc8 22. Rc1 Qd7 23. Qd1 Ra8 24. b6 {Threatens to win with Rc7.} Be5 25. f4 Bd6 26. Qd3 Re8 27. Bb2 (27. Bxd6 $14 Qxd6 28. Qb5) 27... f6 (27... Rc8 $1 $11) 28. Nb5 $1 $36 {[%mdl 2048] White is really pushing.} Bf8 $2 {[#]} (28... Be7 $16 {was called for.}) 29. Nc7 $2 ({Not} 29. Bxf6 Bf5 $11) (29. Rc7 $1 $18 {[%cal Rc7d7] is the precise move to win.} Bf5 30. Qd4) 29... Rc8 30. Bxf6 d4 31. a3 ({Of course not} 31. Qxd4 $6 Qxd4 32. Bxd4 Bxa2 $11) ({Better is} 31. exd4 $16 Bxa2 32. Be5) 31... dxe3 $14 32. Qxe3 Bb3 33. Bb2 Bg7 (33... Rd8 $1 $11 {keeps the balance.}) 34. Bxg7 $16 Kxg7 35. Re1 Rd8 36. Kh1 (36. h3 $16) 36... Rf8 $2 (36... Kg8 $14) 37. h3 Kg8 38. Qe5 (38. Qe4 $18) 38... Qf5 $14 {[#]} 39. Re4 ({White should play} 39. Qxf5 $1 $16 Rxf5 40. Re8+ Rf8 41. Kg1) 39... Qxe5 40. fxe5 {[%mdl 4096] Endgame KRB-KRN} Rf1+ $1 41. Kh2 {Black must now prevent e6.} Kf7 42. e6+ Ke7 43. Rh4 h5 44. Rd4 Rd1 45. Rxd1 {The position is equal.} Bxd1 $11 {KB-KN} 46. Kg3 g5 47. h4 gxh4+ 48. Kxh4 {Strongly threatening Kg5.} Kf6 49. Kg3 Bb3 50. Kf4 Bc4 51. g3 Bb3 52. Na6 Kxe6 53. Nc5+ Kd5 54. Nxb7 {Hoping for Ke3.} Kc6 {[%mdl 64] Double Attack} 55. Nc5 Kxb6 56. Nd3 Kb5 57. Kg5 Kc4 58. Nb2+ Kc3 {[#]} 59. Nxa4+ $1 {[%mdl 512]} Bxa4 60. Kxh5 Kb2 {Accuracy: White = 74%, Black = 75%.} 1/2-1/2